Представление документа в формате RUSMARC

ПолеНазваниеЗначение
  Тип записи a
  Библиографический уровень m
001 Контрольный номер 5a379cb8996d4636a56b2272eefad09e
005 Дата корректировки 20260625120802.4
010 Индекс ISBN __
a ISBN 978-5-4469-2351-9
b Уточнения в пер.
9 Тираж 500 экз.
d Цена 1767-75
100 Данные общей обработки __
a Данные общей обработки 20260615d2025 m y0rusy02890289ca
101 Язык документа 0_
a Язык текста rus
102 Страна публикации __
a Страна публикации RU
105 Кодированные данные (монография) __
a Кодированные данные (монография) a z 000yy
181 Поле кодированных данных: вид содержания _0
a Код вида содержания (ISBD) i
182 Поле кодированных данных: тип средства _0
a Код типа средства (ISBD) n
200 Заглавие и сведения об ответственности 1_
a Заглавие Предметно-вещный мир семьи на фоне советской эпохи
f Первые сведения об ответственности С. Н. Смирнов ; [вступительные статьи Я. М. Миркина, Н. Е. Покровского]
g Последующие сведения об ответственности Федеральное государственное бюджетное учреждение науки Институт научной информации по общественным наукам РАН
203 Вид содержания и тип средства __
a Вид содержания Текст
c Тип средства непосредственный
210 Выходные данные 1_
a Место издания Москва
a Место издания Санкт-Петербург
c Издательство Нестор-История
d Дата издания 2025
215 Физическое описание __
a Объем 486, [1] с.
c Иллюстрации/тип воспроизводства фот., факс., табл.
d Формат 25 см
300 Общие примечания __
a Общие примечания Информация об авторе на 4-й с. обложки
320 Библиография __
a Библиография Библиография в подстрочных примечаниях
330 Аннотация __
a Аннотация В книге на примере отдельных артефактов, сохранившихся в семье автора, показана история их появления, связь с процессами, которые происходили в прежнем СССР на всех этапах его существования. Прослежены судьбы людей, непосредственно или опосредованно связанных с этими артефактами, истории зданий и сооружений, где эти люди жили, и конкретных институций, в которых они работали. Каждая из глав книги иллюстрируется фотоматериалами, значительная часть которых хранится в архиве автора. Книга предназначена для широкого круга читателей, интересующихся советской историей.
606 Тематические рубрики __
2 Код системы nlr_sh
a Основная рубрика История
606 Тематические рубрики __
2 Код системы nlr_sh
a Основная рубрика История России и СССР (октябрь 1917 - 1991 г.)
610 Ключевые слова 0_
a Ключевые слова советская история
610 Ключевые слова 0_
a Ключевые слова советская культура
610 Ключевые слова 0_
a Ключевые слова советские семьи
610 Ключевые слова 0_
a Ключевые слова советский быт
610 Ключевые слова 0_
a Ключевые слова история СССР
610 Ключевые слова 0_
a Ключевые слова архивные материалы
610 Ключевые слова 0_
a Ключевые слова личные архивы
610 Ключевые слова 0_
a Ключевые слова историческая публицистика
686 Индексы других классификаций __
2 Код системы rubbks
a Классификационный индекс 63.3(2)6-75
700 Автор _1
a Фамилия Смирнов
b Имя С. Н.
c Титул (звания) д-р эконом. наук
f Даты 1956-
g Полное личное имя Сергей Николаевич
4 Код отношения 070
702 Вторичная интеллектуальная ответственность _1
a Фамилия Миркин
b Имя Я. М.
f Даты 1957-
g Полное личное имя Яков Моисеевич
4 Код отношения 080
702 Вторичная интеллектуальная ответственность _1
a Фамилия Покровский
b Имя Н. Е.
f Даты 1951-
g Полное личное имя Никита Евгеньевич
4 Код отношения 080
712 Наименование организации (Вторичная ответственность) 02
a Организация/ юрисдикция Российская академия наук
712 Наименование организации (Вторичная ответственность) 02
a Организация/ юрисдикция Институт научной информации по общественным наукам
c Место постоянной организации Москва
801 Источник записи _0
a Страна RU
b Организация Муниципальное бюджетное учреждение культуры "Централизованная библиотечная система" г. Сургут (Центральная городская библиотека им. А. С. Пушкина)
c Дата составления 20260615
g Правила каталогизации PSBO
801 Источник записи _1
a Страна RU
b Организация Муниципальное бюджетное учреждение культуры "Централизованная библиотечная система" г. Сургут (Центральная городская библиотека им. А. С. Пушкина)
c Дата составления 20260615
g Правила каталогизации PSBO
852 Данные о местонахождении __
i Авторский знак С 50
j Шифр хранения 63.3(2)6-75
900 Макрообъекты __
a Макрообъекты Предметно-вещный мир семьи на фоне советской эпохи. Смирнов, С. Н., 2025
901 Тип документа __
a Ответственный КиК/Обаева
t Тип документа m
901 Тип документа __
a Ответственный 7 партия
903 Характеристики (МАРС) __
a Дата передачи 20260615
c Наименование библиотеки (МАРС) Муниципальное бюджетное учреждение культуры "Централизованная библиотечная система" г. Сургут (Центральная городская библиотека им. А. С. Пушкина)
969 Тип издания __
a Тип издания Ф 26
a Тип издания историческая литература
990 Данные о заказе (DOS) __
j Количество экземпляров (DOS) 1
t N записи в КСУ для И/У (DOS) 202607